|
|
|
|
| LEADER |
00000nas a2200000 i 4500 |
| 001 |
ssj0001078023 |
| 003 |
WaSeSS |
| 005 |
20200512172242.0 |
| 006 |
m d |
| 007 |
cr n |
| 008 |
140106c20uu9999ne f| p|s|||||| |0eng d |
| 035 |
|
|
|a (WaSeSS)ssj0001078023
|
| 040 |
|
|
|a WaSeSS
|b eng
|c WaSeSS
|d WaSeSS
|
| 050 |
1 |
4 |
|a GF1
|
| 245 |
0 |
0 |
|a Spatial practices
|h [electronic resource].
|
| 260 |
|
|
|a Amsterdam, Netherlands :
|b Editions Rodopi B. V.
|
| 310 |
|
|
|a Semiannual
|
| 506 |
|
|
|a License restrictions may limit access.
|
| 588 |
|
|
|a Description based on: (9) (2009); title from title screen (ProQuest, viewed Jan. 6, 2014).
|
| 588 |
|
|
|a Latest issue consulted: (17) (2013) (viewed Jan. 6, 2014).
|
| 650 |
|
0 |
|a Cultural geography
|v Periodicals.
|
| 650 |
|
0 |
|a Civilization
|x History
|v Periodicals.
|
| 655 |
|
0 |
|a Electronic journals.
|
| 776 |
0 |
8 |
|i Print version:
|t Spatial practices
|x 1871-689X
|
| 856 |
4 |
0 |
|z Full text available from Research Library: 01/01/2009 to 12/31/2014
|u https://search.proquest.com/publication/76046
|
| 856 |
4 |
0 |
|z Full text available from Research Library: 01/01/2016 to 01/02/2016
|u https://search.proquest.com/publication/76046
|